| 000 | 00835cab a2200253 4500 | ||
|---|---|---|---|
| 001 | WB3239-63 | ||
| 008 | 090401t1996 xxu||||| |||| 00| 0 eng d | ||
| 035 | _a(Sirsi) u27712 | ||
| 041 | _aeng | ||
| 245 | _aThreat to wetlands from abstraction | ||
| 260 | _c1996 | ||
| 350 | _a0 | ||
| 490 |
_aENDS Report _v(260) September 1996, 11(1) |
||
| 520 | _aA report by English Nature "Impact of water abstraction on wetland SSSIs" claims that about 9% of English wetland Sites of Special Scientific Interest are threatened by abstractions for water supply and agriculture. | ||
| 650 | _aENGLISH NATURE | ||
| 650 | _aENVIRONMENT AGENCY | ||
| 650 | _aSITES OF SPECIAL SCIENTIFIC INTEREST | ||
| 650 | _aWATER ABSTRACTION | ||
| 650 | _aWATER SUPPLY | ||
| 650 | _aWETLANDS | ||
| 690 | _aWATER | ||
| 942 | _n0 | ||
| 948 | _c04/03/1997 | ||
| 999 |
_c18666 _d18666 |
||